书目信息 |
| 题名: |
拍卖模型及其应用研究
|
|
| 作者: | 马俊 著 | |
| 分册: | ||
| 出版信息: | 北京 中国财政经济出版社 2004 |
|
| 页数: | 283页 | |
| 开本: | 23cm | |
| 丛书名: | 对外经济贸易大学国际工商管理学院教授博士文库 | |
| 单 册: | ||
| 中图分类: | F713.359 | |
| 科图分类: | ||
| 主题词: | 拍卖--经济模型--研究 , 经济模型 | |
| 电子资源: | ||
| ISBN: | 7-5005-7737-0 | |
| 000 | 00979oam2 2200289 45 | |
| 001 | 110000003903 | |
| 005 | 20051220170929.92 | |
| 010 | @a7-5005-7737-0@dCNY32.00 | |
| 092 | @aCN | |
| 100 | @a20050310d2004 ekmy0chiy0120 ea | |
| 101 | 0 | @achi |
| 102 | @aCN@b110000 | |
| 105 | @ay az 000yy | |
| 200 | 1 | @a拍卖模型及其应用研究@9pai mai mo xing ji qi ying yong yan jiu@f马俊著@Fma jun zhu |
| 210 | @a北京@c中国财政经济出版社@d2004 | |
| 215 | @a283页@d23cm | |
| 225 | 2 | @a对外经济贸易大学国际工商管理学院教授博士文库 |
| 320 | @a有书目 | |
| 330 | @a本书主要包括:拍卖理论综述,拍卖模型的理论基础,投标商的投票策略研究,招标商的最优拍卖设计理论,拍卖行的最优规则设计,风险环境下的投投标决策模型 | |
| 461 | 0 | @12001 @a对外经济贸易大学国际工商管理学院教授博士文库 |
| 606 | 0 | @a拍卖@x经济模型@x研究 |
| 606 | 0 | @a经济模型 |
| 690 | @aF713.359@v4 | |
| 701 | 0 | @a马俊@Ama jun@4著 |
| 801 | 0 | @aCN@bCXYBOOK@c20051220 |
| 905 | @a10447@dF713.359@e116 | |
| 999 | @aHSJ@eGLX | |
| 拍卖模型及其应用研究/马俊著.-北京:中国财政经济出版社,2004 |
| 283页;23cm.-(对外经济贸易大学国际工商管理学院教授博士文库) |
| ISBN 7-5005-7737-0:CNY32.00 |
| 本书主要包括:拍卖理论综述,拍卖模型的理论基础,投标商的投票策略研究,招标商的最优拍卖设计理论,拍卖行的最优规则设计,风险环境下的投投标决策模型 |
| ● |
| 相关链接 |
|
|
|
|
正题名:拍卖模型及其应用研究
索取号:F713.359/116
 
预约/预借
| 序号 | 登录号 | 条形码 | 馆藏地/架位号 | 状态 | 备注 |
| 1 | 0372090 | 203720900 | 第一样本阅览室/ [索取号:F713.359/116] | 在馆 | |
| 2 | 0372091 | 203720919 | 第一借阅区/ [索取号:F713.359/116] | 在馆 | |
| 3 | 0372092 | 203720928 | 第一借阅区/ [索取号:F713.359/116] | 在馆 | |
| 4 | 0372093 | 203720937 | 第一借阅区/ [索取号:F713.359/116] | 在馆 | |
| 5 | 0372094 | 203720946 | 第一借阅区/ [索取号:F713.359/116] | 在馆 |